Revista de Portugal. (Record no. 1988)

MARC details
000 -LEADER
campo de control de longitud fija 00684nas a2200241 i 4500
001 - NÚMERO DE CONTROL
campo de control 1988
003 - IDENTIFICADOR DE NÚMERO DE CONTROL
campo de control ES-MaACL
005 - FECHA Y HORA DE LA ÚLTIMA TRANSACCIÓN
campo de control 20250724062556.0
007 - CAMPO FIJO DE DESCRIPCIÓN FÍSICA--INFORMACIÓN GENERAL
campo de control de longitud fija t|
008 - DATOS DE LONGITUD FIJA--INFORMACIÓN GENERAL
campo de control de longitud fija 950801d18811892po | | 1 ||or d
245 00 - MENCIÓN DEL TÍTULO
Título Revista de Portugal.
260 ## - PUBLICACIÓN, DISTRIBUCIÓN, ETC.
Lugar de publicación, distribución, etc. [Porto :
Nombre del editor, distribuidor, etc. Lugan & Genelioux,
Fecha de publicación, distribución, etc. 1881-1892.
300 ## - DESCRIPCIÓN FÍSICA
Extensión 1 v. ;
Dimensiones 24 cm.
362 0# - FECHAS DE PUBLICACIÓN Y/O DESIGNACIÓN SECUENCIAL
Fecha de publicación y/o designación secuencial v. 1, n. 1 (1 julho 1889)-(1892)
500 ## - NOTA GENERAL
Nota general Ejemplar falto de portada.
500 ## - NOTA GENERAL
Nota general Fundada y dirigida por: Eça de Queiroz.
650 #7 - PUNTO DE ACCESO ADICIONAL DE MATERIA--TÉRMINO DE MATERIA
Término de materia o nombre geográfico como elemento de entrada Cultura
Fuente del encabezamiento o término embne
9 (RLIN) 170963
651 #4 - PUNTO DE ACCESO ADICIONAL DE MATERIA--NOMBRE GEOGRÁFICO
Nombre geográfico Portugal-
Subdivisión general Historia.
9 (RLIN) 6241
651 ## - PUNTO DE ACCESO ADICIONAL DE MATERIA--NOMBRE GEOGRÁFICO
Nombre geográfico Portugal-
Subdivisión general Civilización.
9 (RLIN) 9249
852 ## - LOCALIZACIÓN
Ubicación ES-MaACL
Número de control de estantería G-8901
866 #0 - MENCIÓN TEXTUAL DE FONDOS--UNIDAD BIBLIOGRÁFICA BÁSICA
Fondos (1892).
Holdings
Estatus retirado Estado de pérdida Estado de daño No para préstamo Colección Biblioteca de origen Biblioteca actual Ubicación en estantería Fecha de adquisición Fuente de adquisición Total de préstamos Signatura topográfica completa Código de barras Visto por última vez Precio de reemplazo Tipo de ítem Koha
        Periódicos y Revistas Biblioteca del Ateneo de Madrid Biblioteca del Ateneo de Madrid Sala Pecera Planta 3 17/01/2008     G-8901 1002027 23/02/2023 23/02/2023 Revista